Представление документа в формате MARC21

Поле Инд. ПП Название Значение
Тип записи a
Библиографический уровень m
001 Контрольный номер da304c1a-12f0-11da-83c3-0008a11c4c18
005 Дата корректировки 20260224093230.6
008 Кодируемые данные 050822
020 a ISBN 5-98379-037-4
c Цена, тираж 62.00
040 a Служба первич. каталог. НБ ТвГУ
041 0_ a Код языка текста rus
080 a Индекс УДК 330.831.8
084 a Индекс другой классификации/Индекс ББК У02(4Авс)6
090 x Авторский знак Х15
a Полочн. индекс У02(4Авс)
100 1_ a Автор Хайек Фридрих Август фон
e Роль лиц Автор
245 10 a Заглавие Дорога к рабству
b Продолж. заглавия [пер. с англ.]
c Ответственность Фридрих Август фон Хайек ; [послесл. Р. Капелюшникова] ; Фонд "Либерал. миссия"
260 0_ a Место издания Москва
b Издательство Новое изд-во
c Дата издания 2005
300 a Объем 262, [1] с.
440 _0 a Серия Библиотека Фонда "Либеральная миссия"
500 a Примечание НАСТОЯЩИЙ МАТЕРИАЛ (ИНФОРМАЦИЯ) ПРОИЗВЕДЕН, РАСПРОСТРАНЕН И (ИЛИ) НАПРАВЛЕН ИНОСТРАННЫМ АГЕНТОМ, ЯВЛЯЮЩИМСЯ УЧРЕДИТЕЛЕМ (ЧЛЕНОМ, УЧАСТНИКОМ, РУКОВОДИТЕЛЕМ ИЛИ ЛИЦОМ, ВХОДЯЩИМ В СОСТАВ ОРГАНА ЛИЦ УКАЗАНЫХ В ЧАСТИ 4 СТАТЬИ 9 ФЕДЕРАЛЬНОГО ЗАКОНА «О КОНТРОЛЕ ЗА ДЕЯТЕЛЬНОСТЬЮ ЛИЦ, НАХОДЯЩИХСЯ ПОД ИНОСТРАННЫМ ВЛИЯНИЕМ») ВКЛЮЧЕННОГО В РЕЕСТР ИНОСТРАННЫХ АГЕНТОВ
504 a Библиография Библиогр. в подстроч. примеч. Указ.: с. 259-263.
653 0_ a Ключевые слова Экономическая мысль
a Ключевые слова Экономические учения
a Ключевые слова История экономических учений
a Ключевые слова Рыночная экономика
a Ключевые слова Плановое хозяйство
a Ключевые слова Экономические теории
a Ключевые слова Неолиберализм
700 1_ a Другие авторы Гнедовский Михаил
e Роль лиц пер.
700 1_ a Другие авторы Пильщиков Игорь
e Роль лиц пер.
700 1_ a Другие авторы Капелюшников Ростислав
e Роль лиц авт. послесл.
852 41 t Порядковый номер экземпляра 1
p Инвентарный номер 815457
852 41 t Порядковый номер экземпляра 1
p Инвентарный номер 834453 70.00
920 a Оператор Петр
952 p 235.2005 62.00 1 815457
p 52.2006 70.00 1 834453
c Вид литературы К рн
954 a Дата поступления на обработку 20050823